Analýza vypovedacej schopnosti konsolidovanej účtovnej závierky ako prezentácie finančno-ekonomickej situácie holdingového zoskupenia podnikov voči tretím subjektom

Konsolidovaná účtovná závierka a jej špecifiká oproti individuálnej účtovnej závierke. Konsolidovaná účtovná závierka v podmienkach holdingového zoskupenia podnikov. Povinnosť zostavovať KÚZ a konsolidovaný celok. Analýza a štruktúra vypovedacej schopnosti KÚZ.

Salvato in:
Dettagli Bibliografici
Autore principale: Smorada, Marián, 1984-
Natura: Capitolo di libro
Lingua:slovacco
Soggetti:
Tags: Aggiungi Tag
Nessun Tag, puoi essere il primo ad aggiungerne!!

MARC

LEADER 00000naa$a2200000$$$4500
001 0119683
005 20240502072332.5
041 0 |a slo 
044 |a SK 
245 1 0 |a Analýza vypovedacej schopnosti konsolidovanej účtovnej závierky ako prezentácie finančno-ekonomickej situácie holdingového zoskupenia podnikov voči tretím subjektom  |c Marián Smorada 
520 |a Konsolidovaná účtovná závierka a jej špecifiká oproti individuálnej účtovnej závierke. Konsolidovaná účtovná závierka v podmienkach holdingového zoskupenia podnikov. Povinnosť zostavovať KÚZ a konsolidovaný celok. Analýza a štruktúra vypovedacej schopnosti KÚZ. 
610 2 0 |a druhy podnikov 
610 2 0 |a holding 
610 2 0 |a jednotka účtovná 
610 2 0 |a metódy účtovné 
610 2 0 |a účtovníctvo vnútropodnikové 
610 2 0 |a výkazy účtovné 
610 2 0 |a závierka účtovná 
610 2 0 |a výkazy účtovné konsolidované 
610 2 0 |a závierka účtovná konsolidovaná 
100 1 |a Smorada, Marián, 1984-